<?xml version="1.0" encoding="UTF-8"?>
<collection xmlns="http://www.loc.gov/MARC21/slim">
 <record>
  <leader>00983pamaa2200193   4500</leader>
  <controlfield tag="001">0000052881</controlfield>
  <controlfield tag="005">20140821090000.0</controlfield>
  <controlfield tag="008">140821s2014                             eng  </controlfield>
  <datafield tag="090" ind1="0" ind2="0">
   <subfield code="a">TP248.2 </subfield>
   <subfield code="b">SUG 2014</subfield>
  </datafield>
  <datafield tag="100" ind1="1" ind2="1">
   <subfield code="a">Sughan Vijayan </subfield>
  </datafield>
  <datafield tag="245" ind1="1" ind2="0">
   <subfield code="a">Development of whole cell biosensor using immobilized cyanobacteria anabaena cylindrical for heavy metal detection  </subfield>
   <subfield code="c">Sughan Vijayan.</subfield>
  </datafield>
  <datafield tag="260" ind1="0" ind2="0">
   <subfield code="a">Nilai: </subfield>
   <subfield code="b">INTI International University, </subfield>
   <subfield code="c">May 2014.</subfield>
  </datafield>
  <datafield tag="300" ind1=" " ind2=" ">
   <subfield code="a">x, 26: </subfield>
   <subfield code="b">ill.; </subfield>
   <subfield code="c">30 cm.</subfield>
  </datafield>
  <datafield tag="500" ind1="0" ind2="0">
   <subfield code="a">BBTEI 42</subfield>
  </datafield>
  <datafield tag="500" ind1="0" ind2="0">
   <subfield code="a">Bachelor of Biotechnology (Honours) May 2014</subfield>
  </datafield>
  <datafield tag="500" ind1="0" ind2="0">
   <subfield code="a">Number 42</subfield>
  </datafield>
  <datafield tag="502" ind1="0" ind2="0">
   <subfield code="a">Dissertation submitted in partial fulfillment of the requirements for the degree of Bachelor of Biotechnology (Honors) under the management and supervision of Faculty of Science, Technology Engineering and Mathematics, INTI International University Putra Nilai, Malaysia</subfield>
  </datafield>
  <datafield tag="650" ind1="0" ind2="0">
   <subfield code="a">Biotechnology -- </subfield>
   <subfield code="x">Dissertation </subfield>
  </datafield>
  <datafield tag="901" ind1=" " ind2=" ">
   <subfield code="u">http://intilib.intimal.edu.my/equip-intin/custom/home.jsp</subfield>
  </datafield>
 </record>
</collection>
